000 01434nam a22003737a 4500
003 CHAP
005 20220329143807.0
008 110829s2011 mx r 00010 spa d
010 _a101956
011 _a102928
035 _a113617
040 _cCHAP
090 _aTesis
100 1 _aSerafín Aguilar, Mario.
_9104530
245 1 0 _aVulnerabilidad al cambio climático en el Estado de Hidalgo
_h[En línea]
_c/por Mario Serafín Aguilar
260 _aChapingo, Méx. :
_bEl autor,
_c2011
500 _aPara ver el contenido del material haga clic en la liga
502 _aTesis (Ing. en Recursos Naturales Renovables) -- UACH. Departamento de Suelos
590 _aALEPH
_b10
_c20130110
_lUCH01
_h1541
590 _aBATCH-UPD
_b10
_c20130110
_lUCH01
_h1459
590 _aBATCH-UPD
_b10
_c20130410
_lUCH01
_h0922
590 _aBATCH-UPD
_b10
_c20130914
_lUCH01
_h0821
590 _aBATCH-UPD
_b10
_c20140324
_lUCH01
_h1527
590 _aBATCH-UPD
_b10
_c20141002
_lUCH01
_h0850
590 _aCONVERSION
_b10
_c20130109
_lUCH01
_h1356
650 1 4 _aCambio climático.
_917781
650 1 4 _aClimatología
_xMapas.
_923867
650 1 4 _aHidalgo
_xGeografía.
_955175
856 _3Finding aid
_uhttp://10.13.5.2/tesis/113617.pdf
_zTeclea aqui
901 _aBK
942 _cFOLL
949 _aTesis
_bBC
_cTES
_d33724002302157
_eTS1
_gDonaciØn
_h52630
_i113617
_st
949 _aTesis
_bBC
_cTES
_d33724002302199
_eTS2
_fc.2
_gDonaciØn
_h52631
_i113617
_st
999 _c101956
_d101956